|
|
|
|
| LEADER |
00000cam a22000004a 4500 |
| 001 |
musev2_38355 |
| 003 |
MdBmJHUP |
| 005 |
20230905044029.0 |
| 006 |
m o d |
| 007 |
cr||||||||nn|n |
| 008 |
150410t20002000nyu o 00 0 eng d |
| 020 |
|
|
|a 9781610441803
|
| 020 |
|
|
|z 9780871542472
|
| 020 |
|
|
|z 9780871542465
|
| 035 |
|
|
|a (OCoLC)907048132
|
| 040 |
|
|
|a MdBmJHUP
|c MdBmJHUP
|
| 245 |
0 |
2 |
|a A Working Nation :
|b Workers, Work, and Government in the New Economy /
|c David T. Ellwood [and others].
|
| 264 |
|
1 |
|a New York :
|b Russell Sage Foundation,
|c [2000]
|
| 264 |
|
3 |
|a Baltimore, Md. :
|b Project MUSE,
|c 2016
|
| 264 |
|
4 |
|c ©[2000]
|
| 300 |
|
|
|a 1 online resource (162 pages).
|
| 336 |
|
|
|a text
|b txt
|2 rdacontent
|
| 337 |
|
|
|a computer
|b c
|2 rdamedia
|
| 338 |
|
|
|a online resource
|b cr
|2 rdacarrier
|
| 505 |
0 |
|
|a Introduction / David T. Ellwood. -- Winners and losers in America : taking the measure of the new economic realities / David T. Ellwood. -- The new employee-employer relationship / Douglas Kruse and Joseph Blasi. -- Creating good jobs and good wages / William A. Niskanen. -- Enhancing the opportunities, skills, and security of American workers / Rebecca M. Blank.
|
| 588 |
|
|
|a Description based on print version record.
|
| 650 |
1 |
7 |
|a Overheidsbeleid.
|2 gtt
|
| 650 |
1 |
7 |
|a Economische verandering.
|2 gtt
|
| 650 |
1 |
7 |
|a Arbeidsverhoudingen.
|2 gtt
|
| 650 |
1 |
7 |
|a Arbeid.
|2 gtt
|
| 650 |
|
7 |
|a Aufsatzsammlung
|2 gnd
|
| 650 |
|
7 |
|a Arbeitsmarktpolitik
|2 gnd
|
| 650 |
|
7 |
|a Labor policy.
|2 fast
|0 (OCoLC)fst00990116
|
| 650 |
|
7 |
|a Labor.
|2 fast
|0 (OCoLC)fst00989798
|
| 650 |
|
7 |
|a Industrial relations.
|2 fast
|0 (OCoLC)fst00971609
|
| 650 |
|
7 |
|a POLITICAL SCIENCE / Labor & Industrial Relations
|2 bisacsh
|
| 650 |
|
7 |
|a BUSINESS & ECONOMICS / Labor
|2 bisacsh
|
| 650 |
|
6 |
|a Travail
|x Politique gouvernementale
|z États-Unis.
|
| 650 |
|
6 |
|a Relations industrielles
|z États-Unis.
|
| 650 |
|
6 |
|a Travail
|z États-Unis.
|
| 650 |
|
0 |
|a Labor policy
|z United States.
|
| 650 |
|
0 |
|a Industrial relations
|z United States.
|
| 650 |
|
0 |
|a Labor
|z United States.
|
| 651 |
|
7 |
|a United States.
|2 fast
|0 (OCoLC)fst01204155
|
| 610 |
1 |
7 |
|a USA
|b Government
|2 gnd
|
| 655 |
|
7 |
|a Electronic books.
|2 local
|
| 700 |
1 |
|
|a Ellwood, David T.,
|e author.
|
| 710 |
2 |
|
|a Project Muse.
|e distributor
|
| 830 |
|
0 |
|a Book collections on Project MUSE.
|
| 856 |
4 |
0 |
|z Texto completo
|u https://projectmuse.uam.elogim.com/book/38355/
|
| 945 |
|
|
|a Project MUSE - Custom Collection
|
| 945 |
|
|
|a Project MUSE - Archive Complete Supplement IV
|
| 945 |
|
|
|a Project MUSE - Archive Political Science and Policy Studies Supplement IV
|